| 000 | 00753cam a2200241 a 4500 | ||
|---|---|---|---|
| 001 | 698972 | ||
| 005 | 20171214075126.0 | ||
| 008 | 960611s1995 enkb b 001 0 eng | ||
| 010 | _a 96159148 | ||
| 020 | _a0140252665 | ||
| 040 |
_aDLC _cDLC _dDLC |
||
| 041 | _aeng | ||
| 043 |
_ae-gw--- _ae-ge--- |
||
| 080 | _a943.087 ARD | ||
| 082 | 0 | 0 |
_a943.087 ARD _220 |
| 100 | 1 | _a17 | |
| 101 | _aHIS | ||
| 245 | 1 | 0 |
_aGermany and the Germans / _cJohn Ardagh ; consultant and research assistant, Katharina Ardagh. |
| 504 | _aIncludes bibliographical references (p. 589-[591]) and index. | ||
| 906 |
_a7 _bcbc _corignew _d2 _encip _f19 _gy-gencatlg |
||
| 942 |
_2ddc _cBK |
||
| 999 |
_c38945 _d38945 |
||